| 000 | 00843cam a2200205 4500 | ||
|---|---|---|---|
| 001 | WB3618-13 | ||
| 008 | 000000n2000 000 0 eng u | ||
| 035 | _a(Sirsi) u105958 | ||
| 245 | _aReport on mobile phones and health | ||
| 260 | _c2000 | ||
| 490 |
_aIndependent Expert Group on Mobile Phones Press Release _v 11 May 2000 (4) |
||
| 520 | _aFirst report summary from the Independent Expert Group on Mobile Phones. Gives an outline of the Expert Group's conclusions on the health implications of mobile phones, base stations and transmitters. The full report is available from http://www.iegmp.org.uk/IEGMPp11.htm | ||
| 590 | _aWB | ||
| 650 | _aMOBILE PHONE MASTS | ||
| 650 | _aHEALTH EFFECTS | ||
| 650 | _aBASE STATIONS | ||
| 650 | _aINDEPENDENT EXPERT GROUP ON MOBILE PHONES | ||
| 690 |
_aHealth and safety _96244 |
||
| 942 | _n0 | ||
| 999 |
_c63443 _d63443 |
||